Diálogo con los trabajadores sociales y los educadores sobre educación especializada o no formal /

Detalles Bibliográficos
Autor principal: Velastegui, Gustavo
Formato: Libro
Lenguaje:inglés

MARC

LEADER 00000cam a2200000 a 4500
001 040278
003 UAHC_CL
005 20170803124431.0
008 060714b xx j 000 1 eng
040 |a UAHC_CL  |c UAHC_CL  |d UAHC_CL 
100 1 |a Velastegui, Gustavo 
245 1 0 |a Diálogo con los trabajadores sociales y los educadores sobre educación especializada o no formal /  |c Gustavo Velastegui. 
500 |a Revista Complutense de Educación. --Vol. 8, Nº1 (1997) pp. 158-175. 
900 |a REV. COMPLUT. EDUC.-01/97 
942 |c BK 
999 |c 40278  |d 40278